000 00223nam a22000857a 4500
008 161022b xxu||||| |||| 00| 0 eng d
100 _9941
_aKhati.R.
245 _aFact Finder Science
260 _aNew Delhi
_bESP. Publications
_c2011
999 _c3595
_d3595